ਸੂਰਜ ਤੇ ਸਮੁੰਦਰ / (Record no. 71965)

MARC details
000 -LEADER
fixed length control field 00985nam a22002417a 4500
005 - DATE AND TIME OF LATEST TRANSACTION
control field 20130403152922.0
008 - FIXED-LENGTH DATA ELEMENTS--GENERAL INFORMATION
fixed length control field 090728t xxu||||| |||| 00| 0 pun d
010 ## - LCCN (DPL NO)
LC control number PUN-7503 B-493594-598
020 ## - INTERNATIONAL STANDARD BOOK NUMBER
Terms of availability 80.00
International Standard Book Number 9788182992481
035 ## - SYSTEM CONTROL NUMBER
System control number PN-6621 B-493594-598
037 ## - SOURCE OF ACQUISITION
Source of stock number/acquisition DBAD / PUB/Arsee Publishers
037 ## - SOURCE OF ACQUISITION
Source of stock number/acquisition BPPD/Star Publications
040 ## - CATALOGING SOURCE
Original cataloging agency dpl
Language of cataloging PN
082 ## - DEWEY DECIMAL CLASSIFICATION NUMBER
Classification number
100 ## - MAIN ENTRY--PERSONAL NAME
9 (RLIN) 37323
Personal name ਟਿਵਾਣਾ,ਦਲੀਪ ਕੋਰ
245 ## - TITLE STATEMENT
Title ਸੂਰਜ ਤੇ ਸਮੁੰਦਰ /
Statement of responsibility, etc ਦਲੀਪ ਕੋਰ ਟਿਵਾਣਾ
246 ## - VARYING FORM OF TITLE
Title proper/short title Suraj te samunder
Remainder of title by Dalip Kaur Tiwana
260 ## - PUBLICATION, DISTRIBUTION, ETC. (IMPRINT)
Place of publication, distribution, etc Delhi
Name of publisher, distributor, etc Arsee Publishers
Date of publication, distribution, etc 2012
270 ## - ADDRESS
City Chandni Chonk
Address Delhi
Telephone number 23280657
Postal code 110006
300 ## - PHYSICAL DESCRIPTION
Extent 88ਪਂ;
Other physical details 22ਸੇਂਮੀ(ਸਜਿਲਦ)
942 ## - ADDED ENTRY ELEMENTS (KOHA)
Source of classification or shelving scheme Dewey Decimal Classification
Item type Punjabi Bks
Classification part
Call number suffix ਟਿਵਾਣਾ
Holdings
Withdrawn status Lost status Source of classification or shelving scheme Damaged status Not for loan Collection code Home library Current library Date acquired Source of acquisition Cost, normal purchase price Total Checkouts Full call number Barcode Date last seen Copy number Cost, replacement price Koha item type
    Dewey Decimal Classification     Fiction Central Library Central Library 03/04/2013 BPPD/PUB 80.00 2 ਉ ਟਿਵਾਣਾ B-493594 22/09/2018 1 80.00 Punjabi Bks
    Dewey Decimal Classification     Fiction D.B.Act.Division D.B.Act.Division 10/12/2012 DBAD / PUB 80.00   ਉ ਟਿਵਾਣਾ PN-6621 10/12/2012 1 80.00 Punjabi Bks
    Dewey Decimal Classification     Fiction Mobile Library Mobile Library 03/04/2013 BPPD/PUB 80.00   ਉ ਟਿਵਾਣਾ B-493595 03/04/2013 1 80.00 Punjabi Bks
    Dewey Decimal Classification     Fiction Mobile Library Mobile Library 03/04/2013 BPPD/PUB 80.00   ਉ ਟਿਵਾਣਾ B-493596 03/04/2013 1 80.00 Punjabi Bks
    Dewey Decimal Classification     Fiction Patel Nagar Patel Nagar 03/04/2013 BPPD/PUB 80.00   ਉ ਟਿਵਾਣਾ B-493597 03/04/2013 1 80.00 Punjabi Bks
  Written-off vide DLB M. No. 383 dt 16.05.19 Dewey Decimal Classification     Fiction Peshwa Road Peshwa Road 03/04/2013 BPPD/PUB 80.00   ਉ ਟਿਵਾਣਾ B-493598 03/04/2013 1 80.00 Punjabi Bks

© Delhi Public Library
Hit Counter
free hit counter